000 00772nam a22002297ib4500
001 IT\ICCU\TO0\1856856
003 ItRI
005 20260428191031.0
008 120925s2012 it |||||| ||||| |||||c
040 _bita
_cArcigay Viterbo
041 7 _aita
_2ISO-639-2
100 1 _aInnocenti, Marco,
_d (1946- )
_0IT\ICCU\CFIV\087969
245 1 0 _aFascino,
_pseduttrici e seduttori del Novecento /
_cMarco Innocenti, Enrica Roddolo.
260 _aMilano :
_bGruner+Jahr :
_bMondadori,
_c2012
300 _a280 p. :
_bill. ;
_c23 cm
700 1 _aRoddolo, Enrica
_0IT\ICCU\CFIV\154088
773 0 _wIT\ICCU\CAG\0817036
_tFocus storia. Extra
_g10
830 0 _aFocus storia libri
_0IT\ICCU\UBO\3885233
942 _2ddc
_cBK
_n0
981 1 _6z01
_ai
_bxxxe
982 1 _6z01
_an
999 _c28953
_d28953